[Event "10.  Open C.A. Ciudad los Angeles"]
[Site "Madrid ESP"]
[Date "2016.05.15"]
[Round "6.10"]
[White "Caño Nieto, Jose Luis"]
[Black "Morona Minguez, Miguel"]
[Result "0-1"]
[WhiteElo "1537"]
[BlackElo "1771"]
[PlyCount "140"]
[EventDate "2016.04.03"]
[EventType "swiss"]
[EventRounds "9"]
[EventCountry "ESP"]
[Source "lmi"]
[SourceDate "2016.04.03"]

1. d4 Nf6 2. Nf3 d5 3. Bf4 c6 4. e3 Bf5 5. Bd3 Bxd3 6. cxd3 Nbd7 7. h3 e6 8.
O-O Be7 9. Nc3 O-O 10. e4 Nb6 11. e5 Nfd7 12. Re1 Rc8 13. Rc1 Re8 14. Qd2 c5
15. Bg5 a6 16. Bxe7 Qxe7 17. dxc5 Nxc5 18. d4 Nc4 19. Qe2 Nd7 20. b3 Na3 21.
Nb1 Nb6 22. Qb2 Nxb1 23. Qxb1 Qb4 24. Rc2 Rxc2 25. Qxc2 Rc8 26. Qd2 Qxd2 27.
Nxd2 Rc2 28. Nf3 Kf8 29. Ra1 Ke7 30. Ne1 Rd2 31. Nf3 Rb2 32. Kf1 Nd7 33. Ne1 b6
34. Nf3 h6 35. Ne1 Nb8 36. Nf3 Nc6 37. Rc1 Kd7 38. Ra1 Nb4 39. a3 Nd3 40. b4
Rxf2+ 41. Kg1 Rc2 42. Ne1 Nxe1 43. Rxe1 Rd2 44. Rf1 Ke7 45. Rc1 Rxd4 46. Rc7+
Ke8 47. Rc8+ Kd7 48. Rf8 Rf4 49. Rb8 Kc6 50. Rc8+ Kb5 51. Rc7 Ka4 52. Ra7 Kxa3
53. Rxa6+ Kxb4 54. Rxb6+ Kc5 55. Rb7 Kd4 56. g3 Rf5 57. g4 Rf4 58. Kg2 Kxe5 59.
Kg3 Rf6 60. h4 Ke4 61. Rb4+ d4 62. g5 hxg5 63. hxg5 Rf5 64. Kg4 g6 65. Rb1 d3
66. Re1+ Kd4 67. Ra1 d2 68. Ra4+ Kd3 69. Ra3+ Ke2 70. Kg3 d1=Q 0-1

[Event "10.  Open C.A. Ciudad los Angeles"]
[Site "Madrid ESP"]
[Date "2016.05.15"]
[Round "6.11"]
[White "Lopez Suarez, Augusto"]
[Black "Savchuk, Olga"]
[Result "0-1"]
[WhiteElo "1560"]
[BlackElo "1554"]
[PlyCount "70"]
[EventDate "2016.04.03"]
[EventType "swiss"]
[EventRounds "9"]
[EventCountry "ESP"]
[Source "lmi"]
[SourceDate "2016.04.03"]

1. e4 g6 2. d4 Bg7 3. Nc3 d6 4. Be3 Nf6 5. f3 O-O 6. Qd2 Nbd7 7. h4 h5 8. Bh6
e5 9. Bxg7 Kxg7 10. d5 Nc5 11. Be2 c6 12. b4 Na6 13. Bxa6 bxa6 14. dxc6 Qc7 15.
Nd5 Qxc6 16. Nxf6 Kxf6 17. Ne2 Be6 18. g4 hxg4 19. fxg4 Qxe4 20. Rg1 Rac8 21.
c3 Rh8 22. h5 Bxg4 23. hxg6 Rh2 24. Qxd6+ Kg7 25. O-O-O Rxe2 26. Rd3 Re1+ 27.
Rxe1 Qxe1+ 28. Kb2 Bf5 29. Qe7 Bxg6 30. Qg5 Qe2+ 31. Rd2 Qe4 32. Rh2 Qb1+ 33.
Ka3 Rxc3+ 34. Ka4 Qd1+ 35. Ka5 Ra3# 0-1

[Event "10.  Open C.A. Ciudad los Angeles"]
[Site "Madrid ESP"]
[Date "2016.05.15"]
[Round "6.12"]
[White "De Pablo Peña, Miguel Angel"]
[Black "Ballesteros Jimenez, Miguel A"]
[Result "1-0"]
[WhiteElo "1585"]
[BlackElo "1591"]
[PlyCount "109"]
[EventDate "2016.04.03"]
[EventType "swiss"]
[EventRounds "9"]
[EventCountry "ESP"]
[Source "lmi"]
[SourceDate "2016.04.03"]

1. c4 Nf6 2. Nc3 e5 3. g3 Bb4 4. Bg2 O-O 5. Nf3 Nc6 6. O-O d6 7. d3 Bxc3 8.
bxc3 h6 9. Qc2 Be6 10. Nd2 Qd7 11. Ne4 Nh7 12. f4 Bh3 13. e3 Bxg2 14. Qxg2 f5
15. Nd2 Nf6 16. h3 Rae8 17. Rb1 Nd8 18. fxe5 dxe5 19. d4 e4 20. Ba3 Rf7 21. Rb5
g6 22. g4 a6 23. Rb3 fxg4 24. hxg4 Qxg4 25. Rbb1 Qxg2+ 26. Kxg2 Ng4 27. Rbe1
Rxf1 28. Kxf1 Re6 29. Ke2 Nf7 30. Rf1 h5 31. Bc5 b6 32. Ba3 Nd6 33. Bxd6 cxd6
34. d5 Re5 35. Rf4 Rf5 36. Nxe4 Rxf4 37. exf4 Kg7 38. Nxd6 Nf6 39. Kf3 Kf8 40.
Nc8 Nd7 41. Nd6 Ke7 42. Ne4 Kf7 43. Kg3 a5 44. Kh4 Nf8 45. c5 bxc5 46. Nxc5 Ke7
47. Ne4 Nd7 48. c4 Nb6 49. d6+ Kd7 50. c5 Na4 51. Kg5 Kc6 52. f5 gxf5 53. Kxf5
Nb2 54. Ke6 Nc4 55. d7 1-0

[Event "10.  Open C.A. Ciudad los Angeles"]
[Site "Madrid ESP"]
[Date "2016.05.15"]
[Round "6.13"]
[White "Santacruz Sanchez, Jose Luis"]
[Black "Ghavami, Mahmoud"]
[Result "0-1"]
[WhiteElo "1292"]
[BlackElo "1403"]
[PlyCount "64"]
[EventDate "2016.04.03"]
[EventType "swiss"]
[EventRounds "9"]
[EventCountry "ESP"]
[Source "lmi"]
[SourceDate "2016.04.03"]

1. e4 e6 2. d4 d5 3. exd5 exd5 4. Bd3 Bd6 5. Nc3 c6 6. h3 Ne7 7. Nf3 O-O 8. O-O
Nd7 9. Re1 Ng6 10. Bd2 b5 11. a3 a5 12. Ne2 Nb6 13. b3 a4 14. Ng3 axb3 15. Bb4
Bxb4 16. axb4 Rxa1 17. Qxa1 bxc2 18. Bxc2 Re8 19. Qc3 Nc4 20. Nf1 Nf4 21. Bd1
Bf5 22. Ne3 Bg6 23. Kh1 Nd3 24. Rf1 Qd6 25. Be2 Nxe3 26. fxe3 Rxe3 27. Bxd3
Rxd3 28. Qe1 f6 29. Nh4 Be4 30. Nf5 Rxh3+ 31. Kg1 Qh2+ 32. Kf2 Qxg2# 0-1